[Event "GER-chT U10"]
[Site "Magdeburg"]
[Date "2016.12.28"]
[Round "4.2"]
[White "Lesser, Luan"]
[Black "Kempe, Caius Emilian"]
[Result "1/2-1/2"]
[WhiteElo "869"]
[BlackElo "1095"]
[PlyCount "78"]
[EventDate "2016.12.27"]
[EventType "team-swiss"]
[EventRounds "7"]
[EventCountry "GER"]
[SourceTitle "EXT 2018"]
[Source "ChessBase"]
[SourceDate "2017.10.13"]
[SourceVersion "1"]
[SourceVersionDate "2017.10.13"]
[SourceQuality "1"]
[WhiteTeam "Goettingen Rochade"]
[BlackTeam "Dresden TU"]
[WhiteTeamCountry "GER"]
[BlackTeamCountry "GER"]

1. e4 c5 2. f4 d6 3. Bb5+ Bd7 4. Bxd7+ Nxd7 5. Nf3 g6 6. d4 Bg7 7. dxc5 Nxc5 8. e5 dxe5 9. Qxd8+ Rxd8 10. fxe5 e6 11. Bg5 Ne7 12. Bf6 Bxf6 13. exf6 Nf5 14. Nbd2 0-0 15. 0-0 Nd7 16. Ne4 Nb6 17. Rad1 Nd5 18. c4 Nb6 19. Rxd8 Rxd8 20. Re1 Nxc4 21. Rb1 Nce3 22. g4 Nh6 23. Nd6 b6 24. h3 Kf8 25. b3 Nd5 26. g5 Nf5 27. Nxf5 exf5 28. Ne5 Ke8 29. Re1 Kf8 30. Rd1 Ke8 31. Nc6 Rd7 32. Ne5 Rd8 33. Re1 Kf8 34. Nc6 Rd7 35. Rc1 Ke8 36. Re1+ Kf8 37. Nb8 Rd8 38. Nc6 Rd7 39. Nb8 Rd8 1/2-1/2

[Event "GER-chT U10"]
[Site "Magdeburg"]
[Date "2015.12.28"]
[Round "5.3"]
[White "Mueller, Johannes3333"]
[Black "Lesser, Luan"]
[Result "0-1"]
[WhiteElo "781"]
[BlackElo "800"]
[PlyCount "30"]
[EventDate "2015.12.27"]
[EventType "team-swiss"]
[EventRounds "7"]
[EventCountry "GER"]
[SourceTitle "EXT 2017"]
[Source "ChessBase"]
[SourceDate "2016.10.25"]
[SourceVersion "1"]
[SourceVersionDate "2016.10.25"]
[SourceQuality "1"]
[WhiteTeam "Leipzig Gruen Weiss II"]
[BlackTeam "Goettingen Rochade II"]
[WhiteTeamCountry "GER"]
[BlackTeamCountry "GER"]

1. Nf3 Nc6 2. e4 e5 3. Nc3 Nf6 4. Bc4 d6 5. d3 Bg4 6. Bg5 Bxf3 7. Qxf3 Nd4 8. Qd1 Be7 9. Be3 0-0 10. Bxd4 exd4 11. Ne2 c5 12. 0-0 d5 13. Bb3 Qc7 14. Qd2 Ng4 15. Bxd5 Qxh2# 0-1